000 00418nam a2200145Ia 4500
008 100204s9999 xx 000 0 und d
082 _b9444
100 _aमेहता शशिकला
245 _aमनस्विनी
260 _bनवचैतन्य प्रकाशन
_c1987
300 _a203
630 _aमनस्विनी
730 _aमनस्विनी
942 _cBOOK
999 _c453880
_d453877